00768cam a22002411 450000100060000000300080000600500170001400800410003103500190007203500190009104000410011004100080015108200210015910000280018024500380020826000340024630000200028050400290030065000310032994200120036099900170037295201370038935845BD-RjUL20211209052405.0140610s1951 ii b 000 0 eng c a(BD-RjUL)35941 a(BD-RjUL)35941 aYale Univ. LibrarycCUdBD-RjULbeng aeng a320.1bMAS 19511 aMasaldan, P. N.910918010aStudies in political philosophy / aBombay :bHind Kitabs ;c1951 a99 p. ;c19 cm. aIncludes bibliographies. 0aPolitical science.9109181 2ddccBK c35845d35845 00102ddc40708NFICaRUCLbRUCLcStackd1967-04-10eROYAL BOOKg3.75l0o320.1 MAS 1951r2014-06-10 00:00:00tC-2w2014-06-10yBK